[Event "Catalunya-ch Seniors"]
[Site "Malgrat del Mar"]
[Date "2023.05.18"]
[Round "5"]
[White "Valarezo Ricard, Pedro"]
[Black "Parals Marce, Luis"]
[Result "1-0"]
[WhiteElo "1664"]
[BlackElo "2038"]
[PlyCount "77"]
[EventDate "2023.05.14"]
[EventType "swiss"]
[EventRounds "8"]
[EventCountry "ESP"]
[SourceTitle "CBM 214 Extra"]
[Source "ChessBase"]
[SourceDate "2023.07.31"]
[SourceVersion "1"]
[SourceVersionDate "2023.07.31"]
[SourceQuality "1"]

1. d4 d5 2. Bf4 c6 3. c4 Nf6 4. e3 e6 5. Nc3 Bd6 6. Bxd6 Qxd6 7. c5 Qe7 8. f4 0-0 9. Bd3 b6 10. cxb6 axb6 11. Nf3 Ba6 12. 0-0 Bxd3 13. Qxd3 Qa7 14. Ne5 Qa6 15. Qd1 Nfd7 16. Qh5 f6 17. Ng4 f5 18. Ne5 Qc8 19. Rf3 Qe8 20. Qh4 Qd8 21. Qh3 Rf6 22. g4 Nxe5 23. fxe5 fxg4 24. Qh4 gxf3 25. exf6 Qxf6 26. Qxf6 gxf6 27. Kf2 c5 28. Rg1+ Kf7 29. Rg4 Nc6 30. Kxf3 cxd4 31. exd4 Rg8 32. Rh4 Rg7 33. Nb5 Ke7 34. a4 e5 35. Ke3 e4 36. Nc7 Nb4 37. Rh5 Nc2+ 38. Kf4 Kd6 39. Ne8+ 1-0

[Event "Catalunya-ch U50"]
[Site "Santa Susanna"]
[Date "2022.05.22"]
[Round "8"]
[White "Brusi Noguera, Ricardo Ll"]
[Black "Parals Marce, Luis"]
[Result "1/2-1/2"]
[WhiteElo "2112"]
[BlackElo "2062"]
[PlyCount "42"]
[EventDate "2022.05.15"]
[EventType "swiss"]
[EventRounds "8"]
[EventCountry "CAT"]
[SourceTitle "EXT 2023"]
[Source "ChessBase"]
[SourceDate "2022.10.05"]
[SourceVersion "1"]
[SourceVersionDate "2022.10.05"]
[SourceQuality "1"]

1. d4 d6 2. Nf3 Bg4 3. e4 Nf6 4. Nc3 e6 5. h3 Bh5 6. Qe2 c6 7. g4 Bg6 8. h4 d5 9. exd5 cxd5 10. Ne5 Qb6 11. h5 Be4 12. f3 Qxd4 13. Qb5+ Nbd7 14. Nxd7 Nxd7 15. fxe4 Bc5 16. Rh2 0-0-0 17. Bf4 Qf6 18. Bd2 d4 19. Ne2 d3 20. cxd3 Qe5 21. d4 Qxh2 1/2-1/2

[Event "Girona Gerunda op"]
[Site "Girona"]
[Date "2022.05.13"]
[Round "4"]
[White "Parals Marce, Luis"]
[Black "Nunez Colome, David"]
[Result "1-0"]
[WhiteElo "2019"]
[BlackElo "1993"]
[PlyCount "141"]
[EventDate "2022.04.22"]
[EventType "swiss"]
[EventRounds "8"]
[EventCountry "ESP"]
[SourceTitle "EXT 2023"]
[Source "ChessBase"]
[SourceDate "2022.10.05"]
[SourceVersion "1"]
[SourceVersionDate "2022.10.05"]
[SourceQuality "1"]

1. e4 e6 2. d4 b6 3. Nc3 Bb7 4. Bf4 Nf6 5. f3 d5 6. Bb5+ c6 7. Bd3 dxe4 8. Nxe4 Qxd4 9. c3 Qd8 10. Qe2 Nxe4 11. fxe4 Bd6 12. e5 Bc7 13. 0-0-0 Qe7 14. Qg4 g6 15. Nf3 h6 16. Rhf1 Nd7 17. h4 0-0-0 18. Qg3 Qc5 19. Qe1 Qa5 20. Kb1 Ba6 21. Bxa6+ Qxa6 22. Qe4 Qb7 23. Qe3 Qb8 24. Nd4 Qb7 25. Qe4 Nb8 26. Qe3 c5 27. Nf3 Rxd1+ 28. Rxd1 Nc6 29. Bxh6 Rd8 30. Rxd8+ Bxd8 31. Bg5 Bxg5 32. Qxg5 Qa6 33. Qd2 Qb7 34. Qd6 Qc7 35. Qxc7+ Kxc7 36. Kc2 Kd7 37. Kd3 Ne7 38. g4 Nd5 39. Ke4 Ke7 40. c4 Nb4 41. a3 Nc6 42. Ne1 Na5 43. Kd3 Nc6 44. Nf3 Ke8 45. b3 Ke7 46. Ke4 Na5 47. Nd2 Nc6 48. Kf4 Kf8 49. Ne4 Na5 50. Nd2 Nc6 51. Ke4 Ke7 52. h5 gxh5 53. gxh5 Kf8 54. Kf4 Kg7 55. Nf3 f6 56. exf6+ Kxf6 57. Ke4 Na5 58. Nd2 Nc6 59. Kf4 Kf7 60. Kg5 Kg7 61. Ne4 Ne5 62. h6+ Kf7 63. Nd6+ Kg8 64. Kf6 Nf3 65. Kg6 Ne5+ 66. Kf6 Nf3 67. Ne4 Kh8 68. Kxe6 Nd4+ 69. Kf6 Nxb3 70. Kg6 Nd4 71. Ng5 1-0

[Event "Girona Gerunda op"]
[Site "Girona"]
[Date "2022.04.29"]
[Round "2"]
[White "Parals Marce, Luis"]
[Black "David Xapelli, Antoni"]
[Result "1-0"]
[WhiteElo "2019"]
[BlackElo "1707"]
[PlyCount "76"]
[EventDate "2022.04.22"]
[EventType "swiss"]
[EventRounds "8"]
[EventCountry "ESP"]
[SourceTitle "EXT 2023"]
[Source "ChessBase"]
[SourceDate "2022.10.05"]
[SourceVersion "1"]
[SourceVersionDate "2022.10.05"]
[SourceQuality "1"]

1. e4 c6 2. d4 d5 3. e5 Bf5 4. h4 h6 5. g4 Bg6 6. h5 Bh7 7. e6 fxe6 8. Bd3 Be4 9. f3 Bxd3 10. Qxd3 Qd6 11. Ne2 e5 12. dxe5 Qxe5 13. Nbc3 e6 14. Bf4 Qf6 15. 0-0-0 Nd7 16. Ne4 Qf7 17. Nd6+ Bxd6 18. Bxd6 Ne7 19. Nf4 0-0 20. Kb1 Rfe8 21. Bxe7 Qxf4 22. Qa3 Nb6 23. Bd6 Qf6 24. Bc5 Nc4 25. Qb3 a5 26. Bd4 e5 27. Bf2 Qf4 28. Be1 g5 29. Qd3 e4 30. fxe4 Qxe4 31. Qh3 Ne3 32. Rc1 Nxg4 33. Rg1 Nf6 34. Bc3 d4 35. Bd2 Kh8 36. Rcf1 Qe6 37. Qd3 c5 38. Rg3 Qe2 1-0

[Event "Barcelona Canovelles op"]
[Site "Barcelona"]
[Date "2020.12.30"]
[Round "6"]
[White "Parals Marce, Luis"]
[Black "Rojas Keim, Luis Alberto"]
[Result "1/2-1/2"]
[WhiteElo "2032"]
[BlackElo "2374"]
[PlyCount "76"]
[EventDate "2020.12.27"]
[EventType "swiss"]
[EventRounds "7"]
[EventCountry "ESP"]
[SourceTitle "CBM 200 Extra"]
[Source "ChessBase"]
[SourceDate "2021.03.31"]
[SourceVersion "1"]
[SourceVersionDate "2021.03.31"]
[SourceQuality "1"]

1. d4 e6 2. Nf3 f5 3. e3 Nf6 4. Bd3 b6 5. 0-0 Bb7 6. c4 Bd6 7. b3 0-0 8. Ba3 Nc6 9. Bxd6 cxd6 10. Nc3 Ne7 11. a4 Ng6 12. b4 Ne4 13. Ne2 Nh4 14. Nxh4 Qxh4 15. f3 Ng5 16. Qe1 Qh6 17. f4 Ne4 18. Nc3 Nxc3 19. Qxc3 Rac8 20. Qd2 g5 21. d5 exd5 22. cxd5 g4 23. a5 Rce8 24. axb6 axb6 25. Bb5 Qg7 26. Ra7 Bc8 27. Rc1 Qe7 28. Rac7 h5 29. Qd4 h4 30. Qxb6 h3 31. g3 Qe4 32. Bf1 Ba6 33. Qd4 Bxf1 34. Qxe4 Rxe4 35. Kxf1 Rxb4 36. Rxd7 Rb2 37. Rcc7 Ra8 38. Rg7+ Kf8 1/2-1/2

[Event "Girona Tardor op 4th"]
[Site "Girona"]
[Date "2020.09.17"]
[Round "2"]
[White "Parals Marce, Luis"]
[Black "Foix Breto, Antoni"]
[Result "1-0"]
[WhiteElo "2058"]
[BlackElo "1624"]
[PlyCount "65"]
[EventDate "2020.09.15"]
[EventType "swiss"]
[EventRounds "8"]
[EventCountry "ESP"]
[SourceTitle "EXT 2022"]
[Source "ChessBase"]
[SourceDate "2021.10.06"]
[SourceVersion "1"]
[SourceVersionDate "2021.10.06"]
[SourceQuality "1"]

1. d4 Nf6 2. Nf3 e6 3. e3 d5 4. Bd3 c5 5. 0-0 Nc6 6. c3 Bd6 7. dxc5 Bxc5 8. b4 Bd6 9. Nbd2 Ne5 10. Nxe5 Bxe5 11. Bb2 0-0 12. f4 Bd6 13. e4 dxe4 14. Nxe4 Qb6+ 15. Kh1 Nxe4 16. Bxe4 Rd8 17. Qf3 f5 18. Bc2 Bd7 19. Bb3 Be7 20. a4 Bf6 21. Rad1 Qc7 22. Rfe1 Re8 23. Qd3 Rad8 24. Qxf5 Bxc3 25. Qc2 Rc8 26. Bxc3 Qxc3 27. Qa2 Qxb4 28. f5 Rc6 29. fxe6 Bc8 30. e7+ Kh8 31. Bf7 Bd7 32. Bxe8 Bxe8 33. Qf7 1-0

[Event "Catalunya-chT Gp2"]
[Site "Barcelona"]
[Date "2020.02.08"]
[Round "4.8"]
[White "Perez Manas, Benjamin"]
[Black "Parals Marce, Luis"]
[Result "1-0"]
[WhiteElo "2280"]
[BlackElo "2014"]
[PlyCount "139"]
[EventDate "2020.01.18"]
[EventType "team-tourn"]
[EventRounds "7"]
[EventCountry "ESP"]
[SourceTitle "CBM 194 Extra"]
[Source "ChessBase"]
[SourceDate "2020.03.31"]
[SourceVersion "1"]
[SourceVersionDate "2020.03.31"]
[SourceQuality "1"]
[WhiteTeam "Barbera"]
[BlackTeam "Figueres"]
[WhiteTeamCountry "ESP"]
[BlackTeamCountry "ESP"]

1. e4 d6 2. d4 Nf6 3. Nc3 e5 4. Nf3 Nbd7 5. Bc4 Be7 6. 0-0 0-0 7. Re1 c6 8. a4 a5 9. Ba2 exd4 10. Nxd4 Nc5 11. Qf3 Be6 12. Nf5 Bxf5 13. Qxf5 Qd7 14. Qf3 Qg4 15. Qxg4 Nxg4 16. Bc4 Bf6 17. Bd2 Bd4 18. Nd1 Rfe8 19. Bc3 Bxc3 20. Nxc3 Ne5 21. Bf1 Kf8 22. f4 Ned7 23. g3 Nb6 24. b3 Rad8 25. Bg2 Ke7 26. h4 Kd7 27. Kf2 Kc7 28. Bf3 Re7 29. Re2 Na6 30. Rd1 Nb4 31. Rdd2 Ree8 32. Bg2 Re7 33. Nd1 Rde8 34. Ne3 g6 35. Bf3 Na6 36. Nd1 Nc5 37. Nc3 Nbd7 38. Rd4 Ne6 39. Rd1 Nb6 40. Red2 Rd8 41. Bg4 Nc5 42. Re2 Rde8 43. Bf3 Rd8 44. h5 Rde8 45. hxg6 hxg6 46. Red2 Rd8 47. Rh1 Nbd7 48. Rhd1 Nb6 49. e5 d5 50. Rh1 g5 51. Rh7 gxf4 52. gxf4 Ne6 53. Ne2 Nf8 54. Rh6 Re6 55. Rh5 Rg6 56. Rf5 Rg7 57. Bh5 Rd7 58. Ng3 Nc8 59. Kf3 Ng6 60. Bxg6 fxg6 61. Rg5 Nb6 62. Rh2 d4 63. Ke4 Nd5 64. Ne2 Nc3+ 65. Nxc3 dxc3 66. Rh3 c5 67. Rxc3 Rd4+ 68. Ke3 b6 69. Rd3 Rb4 70. f5 1-0

[Event "Catalunya-chT Gp2"]
[Site "Barcelona"]
[Date "2020.01.18"]
[Round "1.7"]
[White "Fernandez Soriano, Ruben"]
[Black "Parals Marce, Luis"]
[Result "1-0"]
[WhiteElo "2181"]
[BlackElo "2014"]
[PlyCount "85"]
[EventDate "2020.01.18"]
[EventType "team-tourn"]
[EventRounds "7"]
[EventCountry "ESP"]
[SourceTitle "CBM 194 Extra"]
[Source "ChessBase"]
[SourceDate "2020.03.31"]
[SourceVersion "1"]
[SourceVersionDate "2020.03.31"]
[SourceQuality "1"]
[WhiteTeam "Valls"]
[BlackTeam "Figueres"]
[WhiteTeamCountry "ESP"]
[BlackTeamCountry "ESP"]

1. d4 d6 2. Nf3 Bg4 3. c4 c6 4. e4 Nd7 5. Be2 e5 6. d5 c5 7. Nc3 Be7 8. Nd2 Bxe2 9. Qxe2 Ngf6 10. Nf1 g6 11. Ne3 h5 12. h4 a6 13. a3 Bf8 14. Rb1 Bh6 15. g3 Rb8 16. f3 Ng8 17. b4 Qc7 18. b5 a5 19. b6 Nxb6 20. Nb5 Qd8 21. Bd2 Nc8 22. Kd1 b6 23. Kc2 Qe7 24. Rb2 Nf6 25. Rhb1 Ra8 26. Nc3 Kd8 27. Na4 Nd7 28. Kb3 Bg7 29. Ka2 Rf8 30. Nd1 f5 31. Ndc3 f4 32. Rg1 Bh6 33. gxf4 Bxf4 34. Rxg6 Qf7 35. Qg2 Bxd2 36. Rxd2 Qxf3 37. Qg5+ Kc7 38. Nb5+ Kb7 39. Nxd6+ Nxd6 40. Rxd6 Rf7 41. Rb2 Qxe4 42. Rxd7+ Rxd7 43. Nxc5+ 1-0

[Event "Figueres Nadal op 9th"]
[Site "Figueres"]
[Date "2020.01.04"]
[Round "6"]
[White "Parals Marce, Luis"]
[Black "Jurado Coderch, Heribert"]
[Result "1/2-1/2"]
[WhiteElo "2014"]
[BlackElo "1692"]
[PlyCount "88"]
[EventDate "2020.01.02"]
[EventType "swiss"]
[EventRounds "8"]
[EventCountry "ESP"]
[SourceTitle "CBM 194 Extra"]
[Source "ChessBase"]
[SourceDate "2020.03.31"]
[SourceVersion "1"]
[SourceVersionDate "2020.03.31"]
[SourceQuality "1"]

1. d4 d5 2. Nf3 Nf6 3. e3 e6 4. Bd3 Bd6 5. b3 c5 6. Bb2 0-0 7. dxc5 Bxc5 8. 0-0 Nc6 9. a3 Re8 10. b4 Bf8 11. Nbd2 a6 12. c4 dxc4 13. Nxc4 b5 14. Bxf6 Qxf6 15. Be4 Bb7 16. Nb6 Rad8 17. Qc2 e5 18. Nd5 Qd6 19. Rfd1 g6 20. Nf4 Qf6 21. Nd5 Qd6 22. g4 Bg7 23. g5 Qe6 24. Kh1 Rd7 25. Rac1 Nd4 26. Nxd4 exd4 27. Nf6+ Bxf6 28. Bxb7 Rxb7 29. gxf6 dxe3 30. fxe3 Qxf6 31. Qc6 Qxc6+ 32. Rxc6 Re6 33. Rxe6 fxe6 34. Rd6 Ra7 35. Rxe6 Kf7 36. Rb6 Re7 37. Rxa6 Rxe3 38. Ra5 h5 39. Kg2 g5 40. Rxb5 Rxa3 41. h4 gxh4 42. Rxh5 h3+ 43. Kh2 Rb3 44. Rxh3 Rxb4 1/2-1/2

[Event "Sitges Sunway op 6th"]
[Site "Sitges"]
[Date "2019.12.14"]
[Round "2"]
[White "Isaksson, Philip"]
[Black "Parals Marce, Luis"]
[Result "0-1"]
[WhiteElo "1638"]
[BlackElo "2063"]
[PlyCount "102"]
[EventDate "2019.12.13"]
[EventType "swiss"]
[EventRounds "10"]
[EventCountry "ESP"]
[SourceTitle "CBM 193 Extra"]
[Source "ChessBase"]
[SourceDate "2020.01.31"]
[SourceVersion "1"]
[SourceVersionDate "2020.01.31"]
[SourceQuality "1"]

1. e4 d6 2. d4 Nf6 3. Nc3 e5 4. dxe5 dxe5 5. Qxd8+ Kxd8 6. Bg5 Bd6 7. 0-0-0 a6 8. Bc4 Be6 9. Bxe6 fxe6 10. f4 Nc6 11. Nf3 Ke7 12. f5 Bb4 13. Rhe1 Rad8 14. a3 Bxc3 15. bxc3 Rxd1+ 16. Rxd1 Rd8 17. Rxd8 Kxd8 18. Kd2 Kd7 19. Bxf6 gxf6 20. Ke3 Na5 21. Nd2 b5 22. Kd3 Nb7 23. c4 Nc5+ 24. Ke3 Kd6 25. g4 exf5 26. gxf5 Kc6 27. cxb5+ Kxb5 28. Nb3 Nb7 29. Kd3 Nd6 30. c3 c6 31. h3 h6 32. Na1 Ka4 33. Nc2 a5 34. Ne3 Kxa3 35. Ng4 Kb2 36. Nxf6 a4 37. Nd7 a3 38. Nxe5 a2 39. Nc4+ Nxc4 40. Kxc4 a1Q 41. Kd4 Qg1+ 42. Ke5 Kxc3 43. f6 Qd4+ 44. Kf5 Qf2+ 45. Ke6 Kd4 46. e5 c5 47. Ke7 Kxe5 48. f7 Qf6+ 49. Ke8 Qe6+ 50. Kf8 Kf6 51. Kg8 Qxf7+ 0-1

[Event "Girona-ch"]
[Site "Sant Gregori"]
[Date "2019.12.01"]
[Round "7"]
[White "Vilanova Guardiola, Josep Maria"]
[Black "Parals Marce, Luis"]
[Result "0-1"]
[WhiteElo "1831"]
[BlackElo "2063"]
[PlyCount "74"]
[EventDate "2019.10.13"]
[EventType "swiss"]
[EventRounds "9"]
[EventCountry "ESP"]
[SourceTitle "CBM 194 Extra"]
[Source "ChessBase"]
[SourceDate "2020.03.31"]
[SourceVersion "1"]
[SourceVersionDate "2020.03.31"]
[SourceQuality "1"]

1. d4 d6 2. Nf3 Bg4 3. c4 c6 4. Nc3 Nf6 5. e3 e6 6. Be2 Be7 7. 0-0 0-0 8. b3 Nbd7 9. Bb2 d5 10. Nd2 Bf5 11. Nf3 Bd6 12. Bd3 Ne4 13. Qc2 Nxc3 14. Bxc3 Bxd3 15. Qxd3 f5 16. Ne5 Qh4 17. g3 Qe7 18. Rad1 Rf6 19. f3 Raf8 20. e4 fxe4 21. fxe4 Rxf1+ 22. Rxf1 Rxf1+ 23. Kxf1 Qf6+ 24. Nf3 Qg6 25. Nd2 Nf6 26. Kg2 Bf4 27. Qf3 Bxd2 28. Bxd2 Nxe4 29. Bb4 h6 30. h4 Nf6 31. Qe3 Ng4 32. Qe2 h5 33. Be7 Qf5 34. Bg5 Kh7 35. cxd5 Qxd5+ 36. Qf3 Qxd4 37. Bc1 Qd5 0-1

[Event "Girona-ch"]
[Site "Sant Gregori"]
[Date "2019.10.13"]
[Round "1"]
[White "Parals Marce, Luis"]
[Black "Feliu Pale, Joaquim"]
[Result "1-0"]
[WhiteElo "2063"]
[BlackElo "1588"]
[PlyCount "55"]
[EventDate "2019.10.13"]
[EventType "swiss"]
[EventRounds "9"]
[EventCountry "ESP"]
[SourceTitle "CBM 194 Extra"]
[Source "ChessBase"]
[SourceDate "2020.03.31"]
[SourceVersion "1"]
[SourceVersionDate "2020.03.31"]
[SourceQuality "1"]

1. d4 Nf6 2. Nf3 g6 3. Bf4 Bg7 4. e3 0-0 5. Be2 d6 6. h3 c6 7. 0-0 Nbd7 8. c4 Re8 9. Nc3 Qb6 10. a3 e5 11. Bh2 e4 12. Nd2 d5 13. b4 Nf8 14. c5 Qd8 15. b5 Ne6 16. bxc6 bxc6 17. Qa4 Bd7 18. Rfb1 Nh5 19. Bd6 f5 20. Rb7 f4 21. Nxd5 cxd5 22. Qxd7 Qxd7 23. Rxd7 fxe3 24. fxe3 Nxd4 25. Rxg7+ Kxg7 26. exd4 Nf6 27. Nb3 a5 28. Bb5 1-0

[Event "Gerunda Tardor 3rd"]
[Site "Gerunda"]
[Date "2019.10.08"]
[Round "3.5"]
[White "Cano Sevila, Ivan"]
[Black "Parals Marce, Luis"]
[Result "0-1"]
[WhiteElo "2152"]
[BlackElo "2219"]
[PlyCount "50"]
[EventDate "2019.09.24"]
[EventType "tourn"]
[EventRounds "9"]
[EventCountry "ESP"]
[SourceTitle "EXT 2024"]
[Source "ChessBase"]
[SourceDate "2023.10.10"]
[SourceVersion "1"]
[SourceVersionDate "2023.10.10"]
[SourceQuality "1"]

1. Nf3 d6 2. e3 e5 3. c4 f5 4. b4 Nf6 5. Bb2 Be7 6. Nc3 0-0 7. Be2 e4 8. Nd4 c5 9. Nc2 Nc6 10. b5 Ne5 11. d4 exd3 12. Bxd3 Be6 13. Qe2 Qe8 14. a4 Qf7 15. Na3 Rae8 16. 0-0-0 Bd8 17. h3 Ba5 18. f4 Nxd3+ 19. Qxd3 Bxc3 20. Bxc3 Ne4 21. Rhf1 a6 22. g4 axb5 23. cxb5 Bb3 24. Rde1 Bxa4 25. gxf5 Qb3 0-1

[Event "Miquel Mas op 20th"]
[Site "Castell de Sant Ferran"]
[Date "2019.08.13"]
[Round "1"]
[White "Moles Benali, Joan"]
[Black "Parals Marce, Luis"]
[Result "0-1"]
[WhiteElo "1735"]
[BlackElo "2037"]
[PlyCount "62"]
[EventDate "2019.08.13"]
[EventType "swiss"]
[EventRounds "9"]
[EventCountry "ESP"]
[SourceTitle "EXT 2020"]
[Source "ChessBase"]
[SourceDate "2019.10.17"]
[SourceVersion "1"]
[SourceVersionDate "2019.10.17"]
[SourceQuality "1"]

1. d4 d6 2. Nf3 Nf6 3. g3 Nbd7 4. Bg2 e5 5. c4 c6 6. Nc3 e4 7. Nd2 d5 8. 0-0 Be7 9. Re1 0-0 10. Nf1 Nb6 11. Ne3 Ng4 12. Nxg4 Bxg4 13. cxd5 cxd5 14. f3 exf3 15. exf3 Be6 16. Qe2 Bf6 17. Be3 Re8 18. b3 Rc8 19. Rac1 a6 20. Bf2 Qd6 21. Qb2 Nd7 22. Bf1 Nb8 23. Kg2 Nc6 24. Na4 Bg5 25. Rc5 b5 26. Nc3 Bf6 27. Qd2 h5 28. h4 Qd7 29. Kh2 Be7 30. Ne4 dxe4 31. Rxh5 Bb4 0-1

[Event "Platja d'Aro op-A 7th"]
[Site "Platja d'Aro"]
[Date "2019.07.01"]
[Round "9"]
[White "Parals Marce, Luis"]
[Black "Bobadilla Viera, Jorge Samuel"]
[Result "1-0"]
[WhiteElo "2023"]
[BlackElo "2381"]
[PlyCount "101"]
[EventDate "2019.06.24"]
[EventType "swiss"]
[EventRounds "9"]
[EventCountry "ESP"]
[SourceTitle "CBM 191 Extra"]
[Source "ChessBase"]
[SourceDate "2019.09.30"]
[SourceVersion "1"]
[SourceVersionDate "2019.09.30"]
[SourceQuality "1"]

1. d4 Nf6 2. Nf3 e6 3. e3 c5 4. Bd3 b6 5. 0-0 Bb7 6. Nbd2 Be7 7. b3 cxd4 8. exd4 0-0 9. c4 d5 10. Qe2 Nbd7 11. Bb2 Re8 12. Rfe1 Bf8 13. Rac1 Rc8 14. a3 Rc7 15. Ne5 dxc4 16. bxc4 Qa8 17. f4 g6 18. Ndf3 Bg7 19. Ng5 Nf8 20. Rc2 Nh5 21. Nh3 Qd8 22. g4 Qh4 23. gxh5 Qxh3 24. hxg6 Bxe5 25. fxe5 Bf3 26. Qf2 Nxg6 27. Qg3 Qxg3+ 28. hxg3 Rd8 29. Kf2 Bb7 30. Ke3 Ba6 31. a4 Rcd7 32. Be4 Rc8 33. Rec1 Rdc7 34. Bd3 Ne7 35. g4 Nc6 36. Rh2 Na5 37. Bxh7+ Kg7 38. Bd3 Nxc4+ 39. Bxc4 Rxc4 40. Ra1 Rb4 41. Ba3 Rb3+ 42. Kf4 Rd3 43. Kg5 Rg8 44. Rh6 Rxd4 45. Rah1 Bd3 46. Be7 Rxa4 47. Rh8 f6+ 48. exf6+ Kf7+ 49. Rxg8 Kxg8 50. Rh8+ Kxh8 51. f7 1-0

[Event "Catalunya-chT Gp1"]
[Site "Barcelona"]
[Date "2019.01.26"]
[Round "2.9"]
[White "Parals Marce, Luis"]
[Black "Castellano Egea, Einar"]
[Result "0-1"]
[WhiteElo "2049"]
[BlackElo "2158"]
[PlyCount "74"]
[EventDate "2019.01.19"]
[EventType "team-tourn"]
[EventRounds "7"]
[EventCountry "ESP"]
[SourceTitle "CBM 188 Extra"]
[Source "ChessBase"]
[SourceDate "2019.02.26"]
[SourceVersion "1"]
[SourceVersionDate "2019.02.26"]
[SourceQuality "1"]
[WhiteTeam "Figueres"]
[BlackTeam "Sant Andreu"]
[WhiteTeamCountry "ESP"]
[BlackTeamCountry "ESP"]

1. Nf3 e6 2. c4 Nf6 3. g3 d5 4. Bg2 Be7 5. 0-0 0-0 6. b3 Nbd7 7. Bb2 b6 8. cxd5 Nxd5 9. d4 Bb7 10. Ne5 Nxe5 11. dxe5 Qc8 12. a3 b5 13. Nd2 Nb6 14. Ne4 Rd8 15. Qc2 c5 16. Rfd1 Bd5 17. a4 c4 18. a5 cxb3 19. Qxc8 Nxc8 20. Nc3 Bxg2 21. Kxg2 a6 22. Rxd8+ Bxd8 23. Ne4 Ne7 24. Nc5 Nc6 25. Nxb3 Kf8 26. f4 Ra7 27. Kf3 Rd7 28. Ke3 Rd5 29. Bd4 f6 30. exf6 Nxd4 31. fxg7+ Kxg7 32. Nxd4 Rxd4 33. Rc1 Rd6 34. Ke4 Kf6 35. g4 Bxa5 36. g5+ Ke7 37. h4 h5 0-1

[Event "Catalunya-chT Gp1"]
[Site "Barcelona"]
[Date "2019.01.19"]
[Round "1.10"]
[White "Parals Marce, Luis"]
[Black "Mundet Riera, Jaume"]
[Result "0-1"]
[WhiteElo "2049"]
[BlackElo "2090"]
[PlyCount "63"]
[EventDate "2019.01.19"]
[EventType "team-tourn"]
[EventRounds "7"]
[EventCountry "ESP"]
[SourceTitle "CBM 188 Extra"]
[Source "ChessBase"]
[SourceDate "2019.02.26"]
[SourceVersion "1"]
[SourceVersionDate "2019.02.26"]
[SourceQuality "1"]
[WhiteTeam "Figueres"]
[BlackTeam "Gerunda"]
[WhiteTeamCountry "ESP"]
[BlackTeamCountry "ESP"]

1. Nf3 c5 2. c4 Nc6 3. b3 d6 4. g3 e5 5. Nc3 g6 6. Bg2 Bg7 7. 0-0 Nge7 8. Rb1 0-0 9. Ne1 Be6 10. Nc2 d5 11. cxd5 Nxd5 12. Ne4 b6 13. Ne3 h6 14. Bb2 Qd7 15. Nc3 Nde7 16. d3 Rad8 17. Re1 Nd4 18. Nc2 Nec6 19. Nxd4 exd4 20. Ne4 Bd5 21. Bc1 f5 22. Nd2 Bxg2 23. Kxg2 Nb4 24. a3 Nd5 25. Bb2 a5 26. Rc1 Rde8 27. Nc4 f4 28. Nd2 fxg3 29. hxg3 Rxf2+ 30. Kxf2 Ne3 31. Ne4 Rf8+ 32. Kg1 0-1

[Event "Figueres op 8th"]
[Site "Figueres"]
[Date "2018.12.30"]
[Round "7.3"]
[White "Gomez, Jose4444"]
[Black "Parals Marce, Luis"]
[Result "1-0"]
[WhiteElo "1936"]
[BlackElo "2073"]
[PlyCount "121"]
[EventDate "2018.12.27"]
[EventType "swiss"]
[EventRounds "8"]
[EventCountry "ESP"]
[SourceTitle "EXT 2024"]
[Source "ChessBase"]
[SourceDate "2023.10.10"]
[SourceVersion "1"]
[SourceVersionDate "2023.10.10"]
[SourceQuality "1"]

1. e4 g6 2. d4 Bg7 3. Nc3 a6 4. f4 d6 5. Nf3 b5 6. Bd3 Bb7 7. 0-0 c5 8. dxc5 dxc5 9. e5 Nh6 10. Be4 Qxd1 11. Rxd1 Nc6 12. Be3 c4 13. a4 b4 14. Nd5 0-0 15. Nxe7+ Nxe7 16. Bxb7 Rab8 17. Bxa6 c3 18. bxc3 bxc3 19. Bc5 Nef5 20. Bxf8 Bxf8 21. Rd3 Bc5+ 22. Kf1 Ne3+ 23. Rxe3 Bxe3 24. g3 Nf5 25. Bd3 Nd4 26. Nxd4 Bxd4 27. a5 Kf8 28. a6 Ba7 29. Ke2 Ke7 30. Be4 Rb4 31. Bb7 g5 32. fxg5 Rb5 33. Kf1 Ke6 34. Re1 Rb2 35. Re2 Ra2 36. Bc8+ Kd5 37. Bf5 Rxa6 38. Bxh7 Bd4 39. Bd3 Ra1+ 40. Kg2 Bxe5 41. Rf2 Ra7 42. h4 Rc7 43. h5 Ke6 44. h6 Ke7 45. Re2 Kd6 46. h7 Rc8 47. Kh3 Bg7 48. Kg4 Rf8 49. Kh5 Kd5 50. g4 Kd6 51. g6 fxg6+ 52. Kxg6 Bh8 53. Kh5 Rf1 54. g5 Rf3 55. Bb5 Rf8 56. Re4 Bg7 57. Kg6 Bh8 58. Kh6 Kc7 59. Re8 Rxe8 60. Bxe8 Kd8 61. g6 1-0

[Event "Figueres op 8th"]
[Site "Figueres"]
[Date "2018.12.29"]
[Round "6.1"]
[White "Parals Marce, Luis"]
[Black "Colls Gelaberto, Emilio"]
[Result "1/2-1/2"]
[WhiteElo "2073"]
[BlackElo "2086"]
[PlyCount "95"]
[EventDate "2018.12.27"]
[EventType "swiss"]
[EventRounds "8"]
[EventCountry "ESP"]
[SourceTitle "EXT 2024"]
[Source "ChessBase"]
[SourceDate "2023.10.10"]
[SourceVersion "1"]
[SourceVersionDate "2023.10.10"]
[SourceQuality "1"]

1. Nf3 Nf6 2. c4 g6 3. b4 Bg7 4. Bb2 0-0 5. g3 b6 6. Bg2 Bb7 7. 0-0 d6 8. d3 Nbd7 9. Nbd2 a5 10. a3 e5 11. e4 Qe7 12. Qc2 Ra7 13. d4 Rfa8 14. d5 Qd8 15. Nb3 axb4 16. axb4 Rxa1 17. Bxa1 c5 18. b5 Ra7 19. Bb2 Qa8 20. Ne1 Ra2 21. Nc1 Ra4 22. h3 Nh5 23. Bf3 Ndf6 24. Bg2 Bc8 25. Kh2 Bh6 26. Ned3 Bg7 27. Ne2 Ra7 28. Qd2 Ra4 29. Qc2 Ra7 30. Nc3 Ne8 31. f4 exf4 32. gxf4 Qb7 33. Bf3 Qe7 34. Bxh5 gxh5 35. Rg1 Qh4 36. Qg2 Kf8 37. f5 Bd4 38. Qg8+ Ke7 39. Rg2 Bf6 40. Bc1 Be5+ 41. Kg1 Ra1 42. Ne2 Bd4+ 43. Kh2 Be5+ 44. Bf4 Bxf4+ 45. Nexf4 Ra7 46. Nxh5 Qxe4 47. Ng3 Bd7 48. Qxh7 1/2-1/2

[Event "Girona-ch"]
[Site "Banyoles"]
[Date "2018.12.02"]
[Round "9"]
[White "Otones Lopez, Antonio"]
[Black "Parals Marce, Luis"]
[Result "0-1"]
[WhiteElo "1757"]
[BlackElo "2039"]
[PlyCount "50"]
[EventDate "2018.09.30"]
[EventType "swiss"]
[EventRounds "9"]
[EventCountry "ESP"]
[SourceTitle "CBM 187 Extra"]
[Source "ChessBase"]
[SourceDate "2018.11.04"]
[SourceVersion "1"]
[SourceVersionDate "2018.11.04"]
[SourceQuality "1"]

1. d4 g6 2. e4 Bg7 3. Nf3 d6 4. Bc4 e6 5. Bb3 Nf6 6. Qe2 0-0 7. 0-0 a5 8. a4 b6 9. Re1 Ba6 10. Qe3 Nc6 11. c3 e5 12. d5 Ne7 13. Nfd2 Nh5 14. Bc4 Bc8 15. Nf1 f5 16. f3 f4 17. Qf2 g5 18. g4 fxg3 19. hxg3 g4 20. f4 exf4 21. gxf4 Nxf4 22. Bxf4 Ng6 23. Nbd2 Nxf4 24. Qh2 Nh3+ 25. Kh1 Be5 0-1